[Event "CZE-chT1E 1516"]
[Site "Czech Republic"]
[Date "2016.04.10"]
[Round "11.6"]
[White "Sion, David"]
[Black "Tikovsky, Alexander"]
[Result "1/2-1/2"]
[WhiteElo "1941"]
[BlackElo "2180"]
[PlyCount "87"]
[EventDate "2015.10.11"]
[EventType "team-tourn"]
[EventRounds "11"]
[EventCountry "CZE"]
[SourceTitle "EXT 2017"]
[Source "ChessBase"]
[SourceDate "2016.10.25"]
[SourceVersion "1"]
[SourceVersionDate "2016.10.25"]
[SourceQuality "1"]
[WhiteTeam "Policka"]
[BlackTeam "Brno Moravska Slavia"]
[WhiteTeamCountry "CZE"]
[BlackTeamCountry "CZE"]

1. Nf3 g6 2. g3 Bg7 3. Bg2 d6 4. 0-0 e5 5. d4 Nd7 6. c4 Ne7 7. Nc3 0-0 8. e4 exd4 9. Nxd4 Nc6 10. Nc2 a5 11. Qe2 Re8 12. Be3 a4 13. Na3 Nde5 14. h3 f5 15. Rad1 fxe4 16. Nxe4 Bf5 17. c5 Nf7 18. Nc3 Nd4 19. Qc4 Be6 20. Bd5 Bxd5 21. Qxd5 dxc5 22. Qxc5 b6 23. Qc4 c5 24. Bxd4 cxd4 25. Nab5 Qd7 26. Nxa4 Qxh3 27. Nc7 Rac8 28. Nxb6 Be5 29. Nxc8 Rxc8 30. Rd3 Rxc7 31. Qd5 Kg7 32. Rf3 Bf6 33. Rxf6 Kxf6 34. Qxd4+ Ne5 35. f4 Qxg3+ 36. Kh1 Qh4+ 37. Kg1 Qg3+ 38. Kh1 Qh3+ 39. Kg1 Qg4+ 40. Kh1 Qh5+ 41. Kg1 Qg4+ 42. Kh1 Qh3+ 43. Kg1 Qg3+ 44. Kh1 1/2-1/2

[Event "CZE-chT2D 1415"]
[Site "Czech Republic"]
[Date "2015.04.19"]
[Round "11.3"]
[White "Sion, David"]
[Black "Nemec, Pavel"]
[Result "0-1"]
[WhiteElo "1937"]
[BlackElo "2265"]
[PlyCount "106"]
[EventDate "2014.11.02"]
[EventType "team-tourn"]
[EventRounds "11"]
[EventCountry "CZE"]
[SourceTitle "EXT 2022"]
[Source "ChessBase"]
[SourceDate "2021.10.06"]
[SourceVersion "1"]
[SourceVersionDate "2021.10.06"]
[SourceQuality "1"]
[WhiteTeam "Policka Stefanydes II"]
[BlackTeam "Vysoke Myto"]
[WhiteTeamCountry "CZE"]
[BlackTeamCountry "CZE"]

1. e4 c5 2. Nf3 d6 3. g3 Nc6 4. Bg2 g6 5. 0-0 Bg7 6. d3 e5 7. Nc3 Nge7 8. Nd5 0-0 9. h3 Nxd5 10. exd5 Ne7 11. c4 a6 12. Bg5 b5 13. Nd2 h6 14. Be3 Nf5 15. Ne4 bxc4 16. dxc4 Nxe3 17. fxe3 f5 18. Nc3 Rb8 19. Qd2 e4 20. Rab1 Be5 21. Ne2 Qg5 22. Kh2 h5 23. Nf4 h4 24. gxh4 Qxh4 25. Kh1 Kg7 26. Qf2 Qf6 27. Rg1 Kf7 28. b3 Rh8 29. Rgf1 Bd7 30. Qd2 Rh4 31. Ne2 Rbh8 32. Ng1 Ke7 33. b4 Bc3 34. Qe2 cxb4 35. Rf4 g5 36. Rxh4 Rxh4 37. Rf1 Qe5 38. c5 Bb5 39. cxd6+ Kxd6 40. Qd1 Bxf1 41. Qxf1 Qxd5 42. Qxa6+ Qc6 43. Qa5 Ke6 44. Qd8 Bf6 45. Qg8+ Ke7 46. Qb8 Qc5 47. Bf1 Kf7 48. Qb7+ Kg6 49. Qd7 Rh8 50. Qd2 Qc3 51. Qf2 Rd8 52. h4 Rh8 53. Bh3 g4 0-1

[Event "CZE-chT2D 1415"]
[Site "Czech Republic"]
[Date "2015.01.25"]
[Round "6.3"]
[White "Siebenburger, Vlastimil"]
[Black "Sion, David"]
[Result "1-0"]
[WhiteElo "2095"]
[BlackElo "1937"]
[PlyCount "89"]
[EventDate "2014.11.02"]
[EventType "team-tourn"]
[EventRounds "11"]
[EventCountry "CZE"]
[SourceTitle "EXT 2022"]
[Source "ChessBase"]
[SourceDate "2021.10.06"]
[SourceVersion "1"]
[SourceVersionDate "2021.10.06"]
[SourceQuality "1"]
[WhiteTeam "Zdar nad Sazavou"]
[BlackTeam "Policka Stefanydes II"]
[WhiteTeamCountry "CZE"]
[BlackTeamCountry "CZE"]

1. d4 Nf6 2. c4 c5 3. d5 e5 4. Nc3 d6 5. e4 g6 6. Be2 Bg7 7. Bg5 0-0 8. h4 h6 9. Be3 Qa5 10. Qd2 Kh7 11. f3 Na6 12. g4 h5 13. Bg5 Rh8 14. Nb5 Qxd2+ 15. Kxd2 Ne8 16. gxh5 gxh5 17. f4 exf4 18. Bxf4 Bh6 19. Rf1 Kg7 20. Nh3 Bxh3 21. Rxh3 Rd8 22. Rg3+ Kf8 23. Bxh6+ Rxh6 24. Rgf3 Rd7 25. Nxa7 Re7 26. Nb5 Nac7 27. Nxc7 Rxc7 28. Rf5 Ng7 29. Rf6 Rxf6 30. Rxf6 Ke7 31. Rh6 Rc8 32. Rh7 Rg8 33. Ke3 Kf6 34. Rh6+ Ke7 35. Kf4 Ne8 36. Bxh5 Rg2 37. Kf3 Rg7 38. Bg4 Nf6 39. Bf5 Rg1 40. Rh8 Rf1+ 41. Ke3 Ne8 42. h5 Ng7 43. Bg4 f5 44. h6 Kf7 45. Be2 1-0

[Event "CZE-chTB U20 1213"]
[Site "Czech Republic"]
[Date "2013.04.13"]
[Round "10.1"]
[White "Sion, David"]
[Black "Blahynka, Martin"]
[Result "0-1"]
[WhiteElo "1841"]
[BlackElo "2153"]
[PlyCount "42"]
[EventDate "2012.10.06"]
[EventType "team-tourn"]
[EventRounds "11"]
[EventCountry "CZE"]
[SourceTitle "EXT 2015"]
[Source "ChessBase"]
[SourceDate "2014.11.20"]
[SourceVersion "1"]
[SourceVersionDate "2014.11.20"]
[SourceQuality "1"]
[WhiteTeam "Policka (U20)"]
[BlackTeam "Brno Duras (U20)"]
[WhiteTeamCountry "CZE"]
[BlackTeamCountry "CZE"]

1. Nc3 Nf6 2. Nf3 d5 3. d4 Bg4 4. Ne5 Bh5 5. Qd3 c6 6. e4 e6 7. Bg5 Be7 8. h3 dxe4 9. Nxe4 Nxe4 10. Bxe7 Qxe7 11. g4 Qb4+ 12. Ke2 Qxb2 13. Bg2 Nc3+ 14. Kd2 Nb5 15. Rab1 Qxd4 16. Rxb5 Qxf2+ 17. Qe2 Qxe2+ 18. Kxe2 cxb5 19. Bxb7 Nd7 20. Bc6 0-0-0 21. Nxd7 Bxg4+ 0-1

[Event "CZE-chTB U20 1112"]
[Site "Czech Republic"]
[Date "2012.04.14"]
[Round "6.2"]
[White "Pospisil, Martin"]
[Black "Sion, David"]
[Result "1/2-1/2"]
[WhiteElo "2055"]
[BlackElo "1778"]
[PlyCount "77"]
[EventDate "2012.04.13"]
[EventType "team-tourn"]
[EventRounds "7"]
[EventCountry "CZE"]
[SourceTitle "CBM 148 Extra"]
[Source "ChessBase"]
[SourceDate "2012.06.22"]
[SourceVersion "1"]
[SourceVersionDate "2012.06.22"]
[SourceQuality "1"]
[WhiteTeam "Ricany"]
[BlackTeam "Policka"]
[WhiteTeamCountry "CZE"]
[BlackTeamCountry "CZE"]

1. d4 e6 2. Nf3 f5 3. g3 d5 4. Bg2 Nf6 5. b3 Ne4 6. 0-0 Bd6 7. Bb2 Nd7 8. c4 c6 9. Nbd2 0-0 10. Ne5 Qg5 11. e3 Ndf6 12. Qe2 Bd7 13. Rad1 Be8 14. f3 Bh5 15. Qd3 Bxe5 16. dxe5 Nc5 17. Qd4 Nfd7 18. Rc1 b6 19. b4 Na4 20. Ba1 Rac8 21. Kh1 Rfd8 22. cxd5 cxd5 23. Nb3 a6 24. Rxc8 Rxc8 25. Rc1 Qd8 26. Qd1 b5 27. Nd4 Kf7 28. Rxc8 Qxc8 29. Qc2 Qxc2 30. Nxc2 Ndb6 31. Kg1 Nc4 32. Kf2 Bg6 33. f4 Ke7 34. Bd4 Bh5 35. Ke1 Kd7 36. Na1 Kc6 37. Nb3 Bf7 38. Bf3 h6 39. h4 1/2-1/2

[Event "CZE-chTE U20 1112"]
[Site "Czech Republic"]
[Date "2011.10.16"]
[Round "3.2"]
[White "Sion, David"]
[Black "Volcik, Ludek"]
[Result "1-0"]
[WhiteElo "1778"]
[BlackElo "2034"]
[PlyCount "69"]
[EventDate "2011.10.15"]
[EventType "team-tourn"]
[EventRounds "7"]
[EventCountry "CZE"]
[SourceTitle "EXT 2013"]
[Source "ChessBase"]
[SourceDate "2012.11.22"]
[SourceVersion "1"]
[SourceVersionDate "2012.11.22"]
[SourceQuality "1"]
[WhiteTeam "Policka"]
[BlackTeam "Borsice"]
[WhiteTeamCountry "CZE"]
[BlackTeamCountry "CZE"]

1. Nf3 d5 2. g3 b6 3. Bg2 Bb7 4. d4 Nf6 5. 0-0 e6 6. b3 c5 7. e3 Bd6 8. Bb2 Nc6 9. Ne5 Qc7 10. f4 0-0-0 11. Na3 a6 12. Qe2 Ne4 13. Bxe4 dxe4 14. Nac4 Bf8 15. dxc5 bxc5 16. Rfd1 f6 17. Nxc6 Bxc6 18. Rxd8+ Kxd8 19. Rd1+ Kc8 20. a4 Bd5 21. Bc3 Be7 22. Qg4 Bxc4 23. bxc4 f5 24. Qxg7 Rd8 25. Rb1 h5 26. Ba5 Qxa5 27. Qxe7 Qc7 28. Qxe6+ Rd7 29. Rd1 Kd8 30. Rxd7+ Qxd7 31. Qxd7+ Kxd7 32. a5 Ke6 33. Kg2 h4 34. Kh3 hxg3 35. hxg3 1-0

[Event "CZE Czechia-ch U14"]
[Site "Harrachov"]
[Date "2009.10.28"]
[Round "6"]
[White "Sion, David"]
[Black "Mikes, Jan"]
[Result "0-1"]
[WhiteElo "1435"]
[BlackElo "1803"]
[PlyCount "84"]
[EventDate "2009.10.24"]
[EventType "swiss"]
[EventRounds "9"]
[EventCountry "CZE"]
[SourceTitle "EXT 2012"]
[Source "ChessBase"]
[SourceDate "2011.11.24"]
[SourceVersion "1"]
[SourceVersionDate "2011.11.24"]
[SourceQuality "1"]

1. e4 c5 2. f4 e6 3. Nf3 a6 4. Nc3 Qc7 5. d3 b5 6. a3 Bb7 7. Be2 Nf6 8. 0-0 d6 9. a4 b4 10. Na2 a5 11. c4 Nbd7 12. Qc2 0-0-0 13. Bd2 Be7 14. Nc1 h6 15. Nb3 Nh7 16. Rae1 Bc6 17. Nc1 Nb6 18. b3 g5 19. h3 Rdg8 20. Nh2 f5 21. exf5 exf5 22. Bf3 Bf6 23. Re2 Rg7 24. Be3 Rhg8 25. Kh1 Bxf3 26. Rxf3 g4 27. hxg4 fxg4 28. Rf1 Qf7 29. Kg1 Qh5 30. g3 Re7 31. Rff2 Rge8 32. Nf1 Qf5 33. Bd2 Bd4 34. Rxe7 Bxf2+ 35. Kxf2 Rxe7 36. Ne2 Nf6 37. Ne3 Qh5 38. Nf1 Qh1 39. Ng1 h5 40. Qb2 Nbd7 41. f5 h4 42. Bf4 h3 0-1